The rhinemann exchange

Bibliographic Details
Main Author: Ludlum, Robert
Format: Book
Published: London : Granada Publishing Limited , 1985

MARC

LEADER 00000cam a2200000 7i4500
001 0000009683
002 000010548
005 20000330.0
020 |a 0586042024 
090 0 0 |a F   |b LUD 
100 1 |a Ludlum, Robert 
245 1 4 |a The rhinemann exchange   |c Robert Ludlum 
260 |a London :   |b Granada Publishing Limited ,   |c 1985 
300 |a 432p. ;   |c 17cm. 
999 |a 0012997   |b BUKU   |c PINJAMAN   |e PERPUSTAKAAN KOMUNITI PETALING JAYA